Estudio sobre el sistema de control de los tachos continuos de “A “ Del Ingenio San Antonio (ISA)
El estudio se fundamenta en proporcionar a la comunidad Universitaria de Ingeniería Electrónica, información y datos que enriquezcan los conocimientos concernientes a Sistemas de Control (PLC y sistema SCADA). A la vez servir como apoyo para encontrar y reducir los problemas comunes que afecten...
| Main Author: | |
|---|---|
| Other Authors: | |
| Format: | Tesis Section = Libro |
| Language: | Undetermined Spanish |
| Published: |
Managua
UNI
2006
|
| Subjects: |
| LEADER | 01480nam a2200301Ia 4500 | ||
|---|---|---|---|
| 008 | 240830s9999 xx 000 0 und d | ||
| 040 | |a BIBLIOTECA-RUSB/ Mon 621.39 G124 | ||
| 041 | |a spa | ||
| 082 | |a Mon 621.39 G124 | ||
| 100 | 1 | |a Gadea Salgado, Luis Andrés | |
| 245 | 1 | 0 | |a Estudio sobre el sistema de control de los tachos continuos de “A “ Del Ingenio San Antonio (ISA) |
| 260 | |a Managua |b UNI |c 2006 | ||
| 300 | |a 129 p. :il. | ||
| 500 | |a Contiene: anexos. | ||
| 502 | |a Tesis (Ingeniero Electrónico) - UNI, 2006. | ||
| 520 | 3 | |a El estudio se fundamenta en proporcionar a la comunidad Universitaria de Ingeniería Electrónica, información y datos que enriquezcan los conocimientos concernientes a Sistemas de Control (PLC y sistema SCADA). A la vez servir como apoyo para encontrar y reducir los problemas comunes que afecten el proceso y la calidad del producto, en los Tachos Continuos de A. Integrar los conocimientos teóricos obtenidos en la Universidad a este trabajo investigativo. Describir detalladamente el proceso de control en los tachos continuos de A. | |
| 650 | 7 | |a EQUIPOS ELECTRICOS | |
| 650 | 7 | |b SISTEMA SCADA | |
| 650 | 7 | |c AUTOMATIZACION DE TACHOS | |
| 650 | 7 | |d EQUIPOS ELECTRONICOS | |
| 650 | 7 | |e CONTROL-TACHOS | |
| 650 | 7 | |f COMPUTADORES ELECTRONICOS | |
| 650 | 7 | |g SOFTWARE | |
| 650 | 7 | |h LENGUAJE DE PROGRAMACION-PLC | |
| 700 | 1 | |a Tutor: |b Bendaña Saballos, Roger David | |
| 942 | |c BK |2 ddc | ||
| 991 | |a TESIS | ||
| 999 | |c 20332 | ||